Shaping India of our Dreams/ (Record no. 188388)

MARC details
000 -LEADER
fixed length control field 00557nam a22001817a 4500
005 - DATE AND TIME OF LATEST TRANSACTION
control field 20220520103753.0
010 ## - LCCN (DPL NO)
LC control number ENG-132737
020 ## - INTERNATIONAL STANDARD BOOK NUMBER
International Standard Book Number 9788190164201
Terms of availability 550.00
035 ## - SYSTEM CONTROL NUMBER
System control number EN-116269
037 ## - SOURCE OF ACQUISITION
Source of stock number/acquisition DBAD/PUB
082 ## - DEWEY DECIMAL CLASSIFICATION NUMBER
Classification number 338.954
100 ## - MAIN ENTRY--PERSONAL NAME
Personal name Agrawal, K.C.
245 ## - TITLE STATEMENT
Title Shaping India of our Dreams/
Statement of responsibility, etc K.C. Agrawal
260 ## - PUBLICATION, DISTRIBUTION, ETC. (IMPRINT)
Place of publication, distribution, etc Uttar Pradesh
Name of publisher, distributor, etc Knowledge Books Inc
Date of publication, distribution, etc 2004
270 ## - ADDRESS
Address P.O. Box - 536, Sector-37, Post Office
City Noida
Postal code 201303
Electronic mail address info@crusadeindia.com
300 ## - PHYSICAL DESCRIPTION
Extent 402p.
Dimensions 22cm(hbk)
942 ## - ADDED ENTRY ELEMENTS (KOHA)
Source of classification or shelving scheme Dewey Decimal Classification
Item type English Books
Classification part 338.954
Call number suffix AGR
Holdings
Withdrawn status Lost status Not for loan Collection code Home library Current library Date acquired Source of acquisition Cost, normal purchase price Full call number Barcode Copy number Cost, replacement price Koha item type
      Non-fiction Patel Nagar Patel Nagar 20/05/2022 DBAD/PUB 550.00 338.954 AGR EN-116269 1 550.00 English Books

© Delhi Public Library
Hit Counter
free hit counter